Diseases of Fruit Crops (Record no. 5242)

MARC details
000 -LEADER
fixed length control field 00353nam a22001577a 4500
005 - DATE AND TIME OF LATEST TRANSACTION
control field 20160916095411.0
008 - FIXED-LENGTH DATA ELEMENTS--GENERAL INFORMATION
fixed length control field 160916b xxu||||| |||| 00| 0 eng d
020 ## - INTERNATIONAL STANDARD BOOK NUMBER
ISBN 81-204-1441-1
041 ## - LANGUAGE CODE
Language code of text/sound track or separate title eng
100 ## - MAIN ENTRY--AUTHOR NAME
Personal name Singh,R.S
245 ## - TITLE STATEMENT
Title Diseases of Fruit Crops
260 ## - PUBLICATION, DISTRIBUTION, ETC. (IMPRINT)
Name of publisher Oxford
300 ## - PHYSICAL DESCRIPTION
Number of Pages 298
650 ## - SUBJECT ADDED ENTRY--TOPICAL TERM
Topical Term Agriculture
942 ## - ADDED ENTRY ELEMENTS (KOHA)
Koha item type Books
Holdings
Lost status Damaged status Collection code Home library Current library Shelving location Date acquired Source of acquisition Cost, normal purchase price Full call number Accession Number Koha item type
    Reference JRU Library JRU Library SHELF-2-A 16/09/2016 PURCHASE 450.00 634.04 21217 Books
    AGRICULTURE JRU Library JRU Library SHELF-44-C 16/09/2016 PURCHASE 450.00   21218 Books
    AGRICULTURE JRU Library JRU Library SHELF-44-C 16/09/2016 PURCHASE 450.00   21219 Books
    AGRICULTURE JRU Library JRU Library SHELF-14-G 16/09/2016 PURCHASE 450.00   21220 Books